Culture Générale - Série 1862 - Statistiques

Statistiques générales
  • Ce quiz a été pris 104 fois
  • Le résultat moyen est 5 sur 10
Statistiques - réponses
Question Réponse % Correct
L'alpaga est un animal originaire d'Amérique du sud, recherché pour sa .... laine
88%
Quel verbe du 1er groupe est utilisé pour appeler un taxi ? héler
85%
De quel pays le fromage appelé "asiago" est-il oiginaire ? Italie
73%
Quel animal sauvage imaginaire est chassé la nuit par des personnes naives, armées d'un bâton et d'un grand sac ? dahu
65%
Quelle espèce d'animal est le "tarin" ? oiseau
61%
Dans quel département français est située l'île de Hoedic ? Morbihan
60%
En 1963, quelle actrice a donné la réplique à Alain Delon dans le film de Visconti "Le guépard" ? Claudia Cardinale
34%
Dans un glacier, qu'appelle-t-on "rimaye" ? crevasse
17%
Comment appelle-t-on un logement très pauvre, sordide, synonyme de "taudis", commençant par "g" et finissant par "s" ? galetas
12%
La "soulane" est le nom régional donné dans les Pyrénées , pour désigner l'.... adret
7%
Aucun quiz correspondant
Distribution des résultats
% des personnes avec chaque résultat
Percentile par nombre de réponses
Votre historique - résultats
Vous n’avez pas pris ce quiz